000 01796nam a2200301Ia 4500
003 URS
005 20250616143311.0
008 240418s9999 xx 000 0 und d
040 _bEnglish
_cURS
_erda
050 _aRT87.P35
_bW75 2015
100 _aWright, Shelagh,
_eauthor.
245 0 _aPain management in nursing practice /
_cShelagh Wright.
264 _aWashington, D.C. : IASP ; London ; Thousand Oaks, California :
_bSAGE,
_c©2015.
300 _axvii, 318 pages :
_billustrations ;
_c25 cm
336 _atext
_btxt
_2rdacontent
337 _aunmediated
_bn
_2rdamedia
338 _avolume
_bnc
_2rdacarrier
504 _aIncludes bibliographical references and index.
505 _aLeaders in pain care : an historic overview -- The biopsychosocial model of pain : rehumanizing care -- The neuropsychophysiology of pain -- Epidemiology of chronic pain -- The assessment and measurement of pain -- Communication in pain management -- Pharmacological and interventional pain management -- Acute pain -- Chronic non-malignant pain -- Cancer pain -- Pain management in palliative care and at end of life -- Stress management and nonpharmacological interventions for pain -- Quality, safety and organizational issues in pain management -- Pain and human rights.
520 _a"Based on the IASP nursing pain curriculum, this book begins with an examination of the biology of pain, and then goes on to explore key topics including patient assessment, acute, chronic and cancer pain and palliative care."-- Back cover.
650 0 _aPain
_xNursing.
_96213
650 0 _aPain
_xTreatment.
_96214
650 0 _aPain management
_xNursing.
_96215
650 0 _aAnalgesics
_xTherapeutic use.
_96216
650 0 _aPain
_xDrug therapy.
_96217
650 0 _aPain measurement.
_96218
942 _cR
_2lcc
999 _c79058
_d79057